| 000 | 01366nam a2200241Ii 4500 | ||
|---|---|---|---|
| 003 | JO-AjNU | ||
| 005 | 20240624110731.0 | ||
| 008 | 230605s9999||||xx |||||||||||||| ||und|| | ||
| 040 |
_aJO-AjNU _bara _erda _cJO-AjNU |
||
| 041 | _aara | ||
| 050 | 1 | 4 | _aHD66.2021 |
| 100 | 1 |
_aالزغول، آيات فارس علي _eمعد _965531 |
|
| 245 | 0 | 0 |
_aاثر الاستقطاب الالكتروني على سلوك المواطنة التنظيمية: (دراسة ميدانية على الجامعات الخاصة الاردنية في اقليم الشمال)=The Impact of E-Recruitment on Organizational Citizenship Behavior(A Field Study on Jordanian Private Universities in North Region / _cاعداد آيات فارس علي الزغول؛ اشراف محمود علي الروسان |
| 264 | 3 | 1 | _a2021 |
| 300 | _a110 ورقة | ||
| 336 |
_atext _btxt _2rdacontent |
||
| 337 |
_aunmediated _bn _2rdamedia |
||
| 338 |
_avolume _bnc _2rdacarrier |
||
| 500 | _aرسالة جامعية(اطروحة ماجستير) جامعة عجلون الوطنية، كلية ادارة الاعمال، تخصص ادارة الاعمال، 2021 | ||
| 650 | 4 |
_aالمواطنة-استقطاب الالكتروني-الجامعات الخاصة -اقليم الشمال- الاردن _961459 |
|
| 700 | 1 |
_aالروسان، محمود علي _eمشرف _965363 |
|
| 942 |
_2lcc _cTHS |
||
| 999 |
_c31349 _d31349 |
||